Criminology : (Record no. 185764)

000 -LEADER
fixed length control field 00505 a2200193 4500
003 - CONTROL NUMBER IDENTIFIER
control field Nust
005 - DATE AND TIME OF LATEST TRANSACTION
control field 20170207153422.0
010 ## - LIBRARY OF CONGRESS CONTROL NUMBER
LC control number 80008417
020 ## - INTERNATIONAL STANDARD BOOK NUMBER
International Standard Book Number 0064601978 (pbk.) :
040 ## - CATALOGING SOURCE
Transcribing agency Nust
082 00 - DEWEY DECIMAL CLASSIFICATION NUMBER
Classification number 364
100 1# - MAIN ENTRY--PERSONAL NAME
Personal name Silver, Isidore.
245 10 - TITLE STATEMENT
Title Criminology :
Remainder of title an introduction /
Statement of responsibility, etc. Isidore Silver.
250 ## - EDITION STATEMENT
Edition statement 1st ed.
260 ## - PUBLICATION, DISTRIBUTION, ETC.
Place of publication, distribution, etc. New York :
Name of publisher, distributor, etc. Barnes & Noble Books,
Date of publication, distribution, etc. c1981.
300 ## - PHYSICAL DESCRIPTION
Extent x, 259 p. ;
Dimensions 21 cm.
490 0# - SERIES STATEMENT
Series statement Barnes & Noble outline series ;
Volume/sequential designation COS 197
650 #0 - SUBJECT ADDED ENTRY--TOPICAL TERM
Topical term or geographic name entry element Criminology.
942 ## - ADDED ENTRY ELEMENTS (KOHA)
Source of classification or shelving scheme
Koha item type Book
Holdings
Withdrawn status Lost status Source of classification or shelving scheme Damaged status Not for loan Collection code Permanent Location Current Location Date acquired Total Checkouts Full call number Barcode Date last seen Price effective from Koha item type
            Military College of Signals (MCS) Military College of Signals (MCS) 12/12/2016   364 SIL MCS21908 12/08/2016 12/12/2016 Book
© 2023 Central Library, National University of Sciences and Technology. All Rights Reserved.